Statistiques concernant Les plus grandes villes françaises en trois mots

Cliquez ici pour prendre le quiz!

Statistiques générales

  • Ce quiz a été pris 121 fois
    (68 depuis la dernière actualisation)
  • Le résultat moyen est 4 sur 13

Statistiques - réponses

Population (2016)Ville française en trois mots% Correct
143,006Aix-en-Provence
64%
81,017Fort-de-France
43%
92,755Vitry-sur-Seine
43%
68,395Issy-les-Moulineaux
38%
60,580Neuilly-sur-Seine
38%
62,358Villeneuve-d'Ascq
36%
84,662Aulnay-sous-Bois
29%
85,973Asnières-sur-Seine
27%
80,076Cherbourg-en-Cotentin
25%
66,659Noisy-le-Grand
25%
77,409Champigny-sur-Marne
23%
60,771Ivry-sur-Seine
23%
55,987Le Blanc-Mesnil
20%

Distribution des résultats

Percentile par nombre de réponses

% des personnes avec chaque résultat

Votre développement - résultats

Vous n’avez pas pris ce quiz depuis la dernière actualisation